Superbohové přišli s posláním zachránit lidstvo

Bibliographic Details
Main Author: Cotterell, Maurice M. (Author)
Other Authors: Novotná, Jana, 1952- (Translator)
Format: Book
Language:Czech
English
PhysicalDescription:234 s., 50 obr. na príl. ilustr., mp. 24 cm
Published: Praha Pragma 1997
ISBN:8072051962
Subjects:

MARC

LEADER 00000nam a2200000 a 4500
001 vtls009494783
003 SK-MaSNL
005 20260301171247.0
008 240318s1997 xr a f 000 0 cze
020 |a 8072051962  |q (viaz.) 
040 |a SNK  |b slo  |c SNK  |e AACR2 
041 1 |a cze  |h eng 
043 |a nc----- 
044 |a xr  |c CZ 
072 7 |a 00  |x Veda. Všeobecnosti. Základy vedy a kultúry. Vedecká práca  |2 konspekt 
080 |a 316.722(3)  |2 2001 
080 |a 001.94  |2 22001 
080 |a (=821.173)  |2 2001 
080 |a (7)  |2 2001 
080 |a (0.062)  |2 2001 
100 1 |a Cotterell, Maurice M.  |4 aut  |9 538667 
245 1 0 |a Superbohové  |b přišli s posláním zachránit lidstvo  |c Maurice M. Cotterell ; [z anglického originálu přeložila Jana Novotná] 
260 |a Praha  |b Pragma  |c 1997 
300 |a 234 s., 50 obr. na príl.  |b ilustr., mp.  |c 24 cm 
650 0 7 |a staroveké civilizácie  |2 SNKPH  |9 1110 
650 0 7 |a Mayovia  |2 SNKPH  |9 23276 
650 0 7 |a záhady  |2 SNKPH  |9 4262 
650 0 7 |a Ancient civilization  |2 SNKPHeng  |9 316220 
650 0 7 |a Mayas  |2 SNKPHeng  |9 439584 
650 0 7 |a Mysteries  |2 SNKPHeng  |9 286161 
655 7 |a populárno-náučné publikácie  |2 SNKPH  |9 70460 
655 7 |a Popular works  |2 SNKPHeng  |9 90287 
700 1 |a Novotná, Jana,  |d 1952-  |4 trl  |9 119876 
919 |a 80-7205-196-2 
999 |c 830261  |d 832191 
952 |t snkCOT 001.94  |a SNKUST  |b SNKUST  |y PREZ  |7 0  |p 17A0570559  |o snkIC 137849  |i snk2009/7675  |8 3  |g 10.07  |0 0  |1 0  |4 0  |d 2009-04-23  |l 0  |r 2025-03-19 00:00:00  |w 2026-02-24